A Health Handbook for Women with Disabilities (Record no. 197529)

MARC details
000 -LEADER
fixed length control field 00393nam a22001457a 4500
008 - FIXED-LENGTH DATA ELEMENTS--GENERAL INFORMATION
fixed length control field 230824b ||||| |||| 00| 0 eng d
082 ## - DEWEY DECIMAL CLASSIFICATION NUMBER
Classification number 613-MAX
100 ## - MAIN ENTRY--PERSONAL NAME
Personal name Maxwell, Jane
245 ## - TITLE STATEMENT
Title A Health Handbook for Women with Disabilities
Medium English
260 ## - PUBLICATION, DISTRIBUTION, ETC. (IMPRINT)
Place of publication, distribution, etc Delhi
Name of publisher, distributor, etc A.I.C.B.
Date of publication, distribution, etc Rohini
270 ## - ADDRESS
Address A.I.C.B. Rohini, Delhi
300 ## - PHYSICAL DESCRIPTION
Extent 12x13
490 ## - SERIES STATEMENT
Volume number/sequential designation 1-7
942 ## - ADDED ENTRY ELEMENTS (KOHA)
Source of classification or shelving scheme Dewey Decimal Classification
Item type Braille-Books-English
Call number prefix 613
Call number suffix MAX
Holdings
Withdrawn status Lost status Not for loan Home library Current library Date acquired Cost, normal purchase price Full call number Barcode Koha item type
      Braille-Library Braille-Library 24/08/2023 258.28 613-MAX BR-004411 Braille-Books-English
      Braille-Library Braille-Library 24/08/2023 258.28 613-MAX BR-004412 Braille-Books-English
      Braille-Library Braille-Library 24/08/2023 258.28 613-MAX BR-004413 Braille-Books-English
      Braille-Library Braille-Library 24/08/2023 258.28 613-MAX BR-004414 Braille-Books-English
      Braille-Library Braille-Library 24/08/2023 258.28 613-MAX BR-004415 Braille-Books-English
      Braille-Library Braille-Library 24/08/2023 258.28 613-MAX BR-004416 Braille-Books-English
      Braille-Library Braille-Library 24/08/2023 258.28 613-MAX BR-004417 Braille-Books-English

© Delhi Public Library
Hit Counter
free hit counter